Approved practices in soil conservation / (Record no. 74941)
[ view plain ]
| 000 -LEADER | |
|---|---|
| fixed length control field | 00737nam a2200253 a 4500 |
| 001 - CONTROL NUMBER | |
| control field | 74941 |
| 003 - CONTROL NUMBER IDENTIFIER | |
| rucl marc code | BD-RjUL |
| 005 - DATE AND TIME OF LATEST TRANSACTION | |
| control field | 20211209082626.0 |
| 008 - FIXED-LENGTH DATA ELEMENTS--GENERAL INFORMATION | |
| fixed length control field | 181223s1965 ii 000 0 eng |
| 035 ## - SYSTEM CONTROL NUMBER | |
| System control number | (BD-RjUL) |
| System control number | (OCoLC)1158856 |
| 040 ## - CATALOGING SOURCE | |
| Original cataloging agency | DLC |
| Transcribing agency | OOxM |
| Modifying agency | DLC |
| Language of cataloging | eng |
| 041 ## - LANGUAGE CODE | |
| Language code of text/sound track or separate title | eng |
| 042 ## - AUTHENTICATION CODE | |
| Authentication code | premarc |
| 082 ## - DEWEY DECIMAL CLASSIFICATION NUMBER | |
| Classification number | 631.45 |
| Author mark and year | FOA 1965 |
| 100 1# - MAIN ENTRY--PERSONAL NAME | |
| Personal name | Foster, Albert B. |
| Fuller form of name | (Albert Beryl), |
| Dates associated with a name | 1906- |
| 9 (RLIN) | 226353 |
| 245 10 - TITLE STATEMENT | |
| Title | Approved practices in soil conservation / |
| Statement of responsibility, etc. | Albert B. Foster |
| 250 ## - EDITION STATEMENT | |
| Edition statement | Indian 3rd ed. |
| 260 ## - PUBLICATION, DISTRIBUTION, ETC. (IMPRINT) | |
| Place of publication, distribution, etc. | Calcutta: |
| Name of publisher, distributor, etc. | Oxford & IBH Publishing co., |
| Date of publication, distribution, etc. | 1965 |
| 300 ## - PHYSICAL DESCRIPTION | |
| Pagination | xviii, 384 p. |
| Illustrations | illus., maps, diagrs. |
| Size | 22 cm. |
| 650 #0 - SUBJECT ADDED ENTRY--TOPICAL TERM | |
| Topical term or geographic name as entry element | Soil conservation. |
| 9 (RLIN) | 226354 |
| 942 ## - ADDED ENTRY ELEMENTS (KOHA) | |
| Source of classification or shelving scheme | Dewey Decimal Classification |
| Koha item type | Books |
| Lost status | Source of classification or shelving scheme | Damaged status | Not for loan | Collection code | Permanent Location | Current Location | Shelving location | Date acquired | Source of acquisition | Cost, normal purchase price | Total Checkouts | Full call number | Date last seen | Copy number | Koha item type |
|---|---|---|---|---|---|---|---|---|---|---|---|---|---|---|---|
| Dewey Decimal Classification | Not For Loan | Non-fiction | Central Library, University of Rajshahi | Central Library, University of Rajshahi | Reading Room | 04/04/1973 | Dacca, Mullick Brother | 10.00 | 631.45 FOA 1965 | 23/12/2018 | C-1 | Books |